| 000 | 00782nam a22001817a 4500 | ||
|---|---|---|---|
| 999 |
_c371858 _d371858 |
||
| 008 | 201127b ||||| |||| 00| 0 eng d | ||
| 040 |
_aDE-2950 _bger _cDE-2950 _erda |
||
| 041 | _ager | ||
| 245 |
_aEin Frankfurter Sommernachtstraum. _bSpätsommer. Die Kleine Parknacht im Lennépark gehört zu den schönsten Veranstaltungen in Frankfurt. Vor drei Wochen war die 12. Auflage wegen Regens abgesagt. Diesmal hielt das Wetter/ _cJörg Kotterba |
||
| 264 | _c2022 | ||
| 653 | _aFrankfurt (Oder) | ||
| 653 | _aKleine Parknacht | ||
| 773 |
_dFrankfurt (Oder) Märkisches Verlags- und Druckhaus GmbH & Co KG _tMärkische Oderzeitung _g33. Jahrgang (2022) Nr. 212 vom 12.09.2022, S. 13 mit Bild |
||
| 942 | _cA | ||